Map of Chicago (Record no. 6576)
[ view plain ]
| 000 -CABECERA | |
|---|---|
| campo de control de longitud fija | 00582nam a2200181 a 4500 |
| 001 - NÚMERO DE CONTROL | |
| campo de control | BRCA_6894 |
| 005 - FECHA Y HORA DE LA ÚLTIMA TRANSACCIÓN | |
| campo de control | 20190320205630.0 |
| 008 - DATOS DE LONGITUD FIJA--INFORMACIÓN GENERAL | |
| campo de control de longitud fija | 141111s1950----u--b######---#000-0#eng-# |
| 041 ## - CÓDIGO DE LENGUA | |
| Código de lengua del texto/banda sonora o título independiente | eng |
| Código de lengua del sumario o resumen | .M37 1950 |
| 245 10 - MENCIÓN DE TÍTULO | |
| Título | Map of Chicago |
| Resto del título | with new street names, Steam railroads, street car line, street numbers and selections. |
| 260 ## - PUBLICACIÓN, DISTRIBUCIÓN, ETC. | |
| Lugar de publicación, distribución, etc. | Chicago |
| Nombre del editor, distribuidor, etc. | Rufus Blanchard |
| Fecha de publicación, distribución, etc. | [1950] |
| 300 ## - DESCRIPCIÓN FÍSICA | |
| Extensión | 1 v. |
| Otras características físicas | il. (algunas a color), mapa |
| Dimensiones | 17 cm. |
| 500 ## - NOTA GENERAL | |
| Nota general | Mapa inventariado por Banco de México como libro |
| 500 ## - NOTA GENERAL | |
| Nota general | L142 |
| 651 #4 - PUNTO DE ACCESO ADICIONAL DE MATERIA--NOMBRE GEOGRÁFICO | |
| Nombre geográfico | Chicago |
| Subdivisión de forma | Mapa |
| 9 (RLIN) | 17173 |
| 902 ## - CATALOGADOR | |
| Iniciales | GFM |
| 942 ## - ELEMENTOS DE PUNTO DE ACCESO ADICIONAL (KOHA) | |
| Fuente del sistema de clasificación o colocación | Library of Congress Classification |
| Tipo de ítem Koha | Libros |
| Estado de retiro | Estado de pérdida | Estado dañado | No para préstamo | Localización permanente | Ubicación/localización actual | Fecha de adquisición | Número de inventario | Total de préstamos | Signatura topográfica completa | Código de barras | Fecha visto por última vez | Precio válido a partir de | Tipo de ítem Koha |
|---|---|---|---|---|---|---|---|---|---|---|---|---|---|
| El ejemplar forma parte de la colección y puede ser consultado según las políticas vigentes. | Biblioteca del Museo Franz Mayer (Rogerio Casas-Alatriste) | Biblioteca del Museo Franz Mayer (Rogerio Casas-Alatriste) | 14/11/2011 | L142 | (L142) | 7341 | 22/03/2019 | 22/03/2019 | Libros |